000 00363nab a22001097u 4500
008 130520b2008 xxu||||| |||| 00| 0 ita d
041 _aita
100 1 _aFermani, Arianna
_963608
245 0 0 _aAristotele e i profili del pudore
_cArianna Fermani
773 0 _tRivista di Filosofia Neo-Scolastica
_gV.100, nº2-3,2008,págs. 183-202
_x0035-6247
_wRev392
942 _cAR
999 _c343219
_d343219